|
|
|
|
| LEADER |
00000nab a2200000 ar4500 |
| 001 |
vtls009155172 |
| 003 |
SK-MaSNL |
| 005 |
20260304153017.0 |
| 008 |
250506c2007 xo mr|p|||||||000 b|slo |
| 015 |
|
|
|a SNBRB2007/10
|2 snkbucl
|
| 035 |
|
|
|a (uuid)3267d834-584e-4e71-bebf-deb3828896db
|
| 035 |
|
|
|a urn:nbn:sk:snk-abadkk
|
| 035 |
|
|
|a (urnnbn)urn:nbn:sk:snk:ar-a0acxs
|
| 038 |
|
|
|a SNKBUCL
|
| 040 |
|
|
|a SNKBUCL
|b slo
|c SNKBUCL
|e AACR2
|
| 041 |
0 |
|
|a slo
|
| 044 |
|
|
|a xo
|c SK
|
| 080 |
|
|
|a 658.8.012.34:332.1
|2 2001
|
| 080 |
|
|
|a 658.788.012.34
|2 2001
|
| 080 |
|
|
|a 656.073.1/.3
|2 2001
|
| 080 |
|
|
|a 658.5.012.34
|2 2001
|
| 080 |
|
|
|a 336
|2 2001
|
| 080 |
|
|
|a 339.72
|2 2001
|
| 080 |
|
|
|a 332.1
|2 2001
|
| 100 |
1 |
|
|a Bazala, Jaroslav
|4 aut
|9 806009
|
| 245 |
1 |
0 |
|a Logistika - prvá, alebo posledná konkurenčná výhoda?
|b zvládnutie materiálových tokov v regióne prospieva miestnym firmám
|c Jaroslav Bazala
|
| 650 |
0 |
7 |
|a regionálny rozvoj
|2 snkbucl
|9 2352
|
| 650 |
0 |
7 |
|a logistika (manažment)
|2 snkbucl
|9 3620
|
| 650 |
0 |
7 |
|a materiálové toky
|2 snkbucl
|9 703676
|
| 650 |
0 |
7 |
|a finančné toky
|2 snkbucl
|9 29437
|
| 650 |
0 |
7 |
|a konkurencieschopnosť
|2 snkbucl
|9 15191
|
| 773 |
0 |
|
|t Doprava a logistika
|g Roč. 2., č. 7-8 (2007), s. 28-29
|x 1337-0138
|
| 850 |
|
|
|a Slovenská národná knižnica
|
| 852 |
|
|
|a Slovenská národná knižnica
|
| 954 |
|
|
|a odborná, vedecká literatúra pôvodná (slovenská)
|2 lita
|
| 958 |
|
|
|a article14
|
| 958 |
|
|
|a OND
|
| 958 |
|
|
|a EUIPO
|
| 999 |
|
|
|c 2952071
|d 2954001
|